| 000 | 00823nam a2200253 a 4500 | ||
|---|---|---|---|
| 003 | CO-CtgCURN | ||
| 005 | 20250331183903.0 | ||
| 007 | ta | ||
| 008 | 120322s2012 sp 000 0 spa d | ||
| 020 | _a9788432900143 | ||
| 040 |
_aCO-CtgCURN _bspa _ccoctgcurn |
||
| 082 | 0 | 4 |
_a004.42 _bD568 |
| 100 | 1 | _aDiez Lerma, José Luis. | |
| 245 | 1 | 0 |
_aPower Point 2010 y presentaciones para dummies : _bGuia rapida / _cJosé Luis Diez Lerma. |
| 260 |
_aBarcelona : _bCentro Libros PAPF, _c2012. |
||
| 300 |
_a194 p. ; _c22 cm. |
||
| 336 | _2rdacontent | ||
| 337 |
_2rdamedia _asin mediacion _bn |
||
| 338 |
_2rdacarrier _avolumen _bnc |
||
| 650 | 1 | 4 | _aPowerpoint (Programa para computador) |
| 650 | 1 | 4 | _aOfimatica. |
| 852 | _920000 | ||
| 942 |
_cBK _h004.42 _iD568 _2ddc |
||
| 999 |
_c16431 _d16431 |
||